=LDR 00000nam 2200000 4500 =001 INLIS000000000041211 =005 20130612150746 =008 ***********************************ind** =035 ##$$0010-061300000041211 =041 ##$$a ind =082 ##$$a 658.403 =090 ##$$a 658.402, Gas i =100 ##$$a Gaspersz, Vincent =245 ##$$a Integreted management problem solving, Pnduan bagi praktisibisnis dan industri/ Prof. Dr. Vincent Gaspersz dan Avanti Fontana =260 ##$$a 2011 $b Vinchristo : Publication =300 ##$$a 135 hlm., ilus., 21 cm =650 ##$$a Manajemen - Problem Sulving =850 ##$$a NBPNMAT